000 00708nam a2200241 i 4500
001 000049057
003 DO-SdBNP
005 20240111104215.0
007 ta
008 190716s1981 dr r 000 0 spa d
040 _aDO-SdBNP
_bspa
_cBNPHU
_erda
082 _bB825c
_222
100 1 _aBrault, P. Pedro
_976452
_eautor
245 1 0 _aCatequesis sobre el credo :
_bpara una mejor vivencia de la fé /
_cP. Pedro Brault.
264 _aSanto Domingo :
_bAmigo del hogar,
_c1981.
300 _a74 páginas
_c22 cm.
336 _2rdacontent
_atexto
_btxt
337 _2rdamedia
_asin mediación
_bn
338 _2rdacarrier
_avolumen
_bnc
590 _aInventariado, 2019/BT
910 _aBT
942 _2ddc
_cLBS1
999 _c48545
_d48545